MegaCorp (Record no. 55)

MARC details
000 -LÍDER
campo de controle de tamanho fixo 01073nam a2200277 4500
001 - NÚMERO DE CONTROLE
campo de controle 55
003 - IDENTIFICADOR DO NÚMERO DE CONTROLE
campo de controle OSt
005 - DATA E HORÁRIO DA ÚLTIMA TRANSAÇÃO
campo de controle 20250528074010.0
008 - CAMPO DE DADOS FIXOS--INFORMAÇÃO GERAL
campo de controle de tamanho fixo 250122b |||||||e |||| 00| 1 eng d
040 ## - FONTE DA CATALOGAÇÃO
Idioma da catalogação por
041 ## - CÓDIGO DE IDIOMA
Código do idioma do original e/ou traduções intermediárias do texto eng
Código do idioma do texto/trilha sonora ou título diferente por
082 ## - CDD - CLASSIFICAÇÃO DECIMAL DE DEWEY
Número de Classificação 813
Número do exemplar B627m
100 1# - ENTRADA PRINCIPAL--NOME PESSOAL
Nome pessoal Black, Jonathan,
Datas associadas ao nome 1955-
9 (RLIN) 150
245 ## - TÍTULO
Título MegaCorp
Restante do título Multinacionais em guerra /
Indicação de responsabilidade, etc. Black, Jonathan ; Tradução de Bela Von Block
260 ## - PUBLICAÇÃO, DISTRIBUIÇÃO, ETC.
Local de publicação, distribuição, etc. São Paulo
Nome do editor, distribuidor, etc. Círculo do Livro
300 ## - DESCRIÇÃO FÍSICA
Extensão 471 p.
520 ## - NOTA DE RESUMO, ETC.
Resumo, etc. O livro conta a história de Paul Verhadt, dono de um império financeiro em contínua expansão. Passando pelos gabinetes corruptos de Washington e os estúdios de Hollywood, sua ambição não tem limites, até que ele resolve financiar um golpe militar em um país da América Central. Um romance que desvenda o segredo das multinacionais.
650 #0 - ASSUNTO--TERMO TÓPICO
Cabeçalho tópico ou nome geográfico Literatura Americana
9 (RLIN) 84
650 #0 - ASSUNTO--TERMO TÓPICO
Cabeçalho tópico ou nome geográfico Politica
9 (RLIN) 138
650 #0 - ASSUNTO--TERMO TÓPICO
Cabeçalho tópico ou nome geográfico Ditadura
9 (RLIN) 34
650 #0 - ASSUNTO--TERMO TÓPICO
Cabeçalho tópico ou nome geográfico Corrupção
9 (RLIN) 151
655 #0 - TERMO DE ÍNDICE--GÊNERO E FORMA
Gênero/forma/ou termo foco Romance
655 #0 - TERMO DE ÍNDICE--GÊNERO E FORMA
Gênero/forma/ou termo foco Ficção
700 ## - ENTRADA ADICIONADA - NOME PESSOAL
Nome pessoal Bela Von Black
Função do autor por extenso Tradutor
9 (RLIN) 152
942 ## - ELEMENTOS DE ENTRADA ADICIONADOS (KOHA)
Fonte de classificação ou esquema de arquivamento Classificação decimal de Dewey
Ocultar no OPAC Não
Tipo de material Koha Livros
Holdings
Situação do descarte Situação das perdas Fonte de classificação ou esquema de arquivamento Status danificado Não pode ser emprestado Coleção Biblioteca de origem Biblioteca atual Localização na estante Data de aquisição Fonte de aquisição Total de empréstimos Número de chamada completo Código de barras Data de último acesso Data do preço efetivo Tipo de material Koha
    Classificação decimal de Dewey     Ficção Biblioteca Professor Eduardo Afonso de Castro Biblioteca Professor Eduardo Afonso de Castro Literatura Estrangeira 23.05.2017 doação   813 / B627m 2025-15629 20.01.2025 20.01.2025 Livros

Powered by Koha